000 01568cam a2200445 a 4500
999 _c251255
_d251255
001 17146593
003 OSt
005 20200609124401.0
008 120202s2005 mouac 001 0 eng c
010 _a 2012359575
016 7 _a101239785
_2DNLM
020 _a0323022030
020 _a9780323022033
035 _a(OCoLC)ocm58534013
040 _aDNLM
_cNLM
_dSEA
_dBAKER
_dYDXCP
_dCGC
_dQ3H
_dBTCTA
_dILC
_dOCLCQ
_dB9E
_dDLC
042 _apcc
050 0 0 _aRT120.L64
_bS67 2005
060 0 0 _a2005 B-427
060 1 0 _aWY 152
_bS714b 2005
082 0 0 _a610.73/6
_223
100 1 _aSorrentino, Sheila A.
245 1 0 _aBasic skills for nursing assistants in long-term care /
_cSheila A. Sorrentino, Bernie Gorek.
246 3 0 _aNursing assistants in long-term care
260 _aSt. Louis :
_bElsevier Mosby,
_cc2005.
300 _axxi, 448 p. :
_bill., ports. ;
_c28 cm. +
_e1 CD-ROM (4 3/4 in.)
500 _aIncludes index.
500 _aLC copy imperfect: accompanying CD-ROM wanting.
_5DLC
538 _aDisc in pocket inserted at back of book. Title on disc surface: Mosby's nursing assistant CD companion. Win/Mac.
650 0 _aLong-term care of the sick.
650 0 _aNurses' aides.
650 1 2 _aLong-Term Care
_xmethods.
650 1 2 _aNurses' Aides.
650 2 2 _aNursing Process.
650 6 _aSoins infirmiers
650 6 _aSoins de longue durée
700 1 _aGorek, Bernie.
906 _a7
_bcbc
_cpccadap
_d2
_encip
_f20
_gy-gencatlg
942 _2lcc
_cBK